The Maze Runner characters - Statistics

General Stats
  • This quiz has been taken 1,399 times
  • The average score is 6 of 7
Answer Stats
Actor Character % Correct
Dylan O'Brien Thomas
100%
Thomas Brodie-Sangster Newt
98%
Kaya Scodelario Teresa
94%
Will Poulter Gally
85%
Ki-Hong Lee Minho
73%
Aml Ameen Alby
60%
Blake cooper Chuck
52%
No matching quizzes found
Score Distribution
Percent of People with Each Score
Percentile by Number Answered
Your Score History
You have not taken this quiz